000 00437nam a22001937a 4500
003 MPLRDC
005 20220104144127.0
008 210129b ||||| |||| 00| 0 eng d
020 _a957-08-1422-5
082 _a848.2 CRX-20
100 _a陈若曦著
245 _a
_c
250 _a初版
260 _a
_b联经
_c1995
300 _b
490 _a联经文学; 35
650 _a现代别集
942 _cBK
_o848.2 CRX-20
999 _c46629
_d46619